Computational line geometry

Saved in:
Bibliographic Details
Main Author: Pottmann, Helmut
Other Authors: Wallner, Johannes
Format: Book
Language:English
Published: Berlin : Springer, c2001
Series:Mathematics and visualization
Subjects:
Tags: Add Tag
No Tags, Be the first to tag this record!

MARC

LEADER 00000nam a2200000 i 4500
001 1/72208
008 050224s2001 eng d
020 |a 3-540-42058-4 
035 |l 10076753 
040 |a GR-MY-UA  |b gre  |e aacr 
041 0 |a eng 
082 0 |a 516.183  |2 (21) 
100 1 |a Pottmann, Helmut. 
245 1 0 |a Computational line geometry /  |c Helmut Pottmann, Johannes Wallner 
260 |a Berlin :   |b Springer,   |c c2001 
300 |a ix, 563 σ.;  |b εικ. (μερικές έγχρ.);  |c 24 εκ. 
490 1 |a Mathematics and visualization 
504 |a Περιλαμβένει βιβλιογραφία (σ. [547]-555) και ευρετήριο. 
650 0 0 |a Line geometry  |x Data processing. 
700 1 |a Wallner, Johannes. 
830 0 |a Mathematics and visualization 
852 |a INST  |b SYROS  |e 20050224  |h 516.183 POT  |p 005500004275  |q 005500004275  |t BK  |y 0 
901 |a BIBL5-2005-1 
909 |a Ε  |b 111639 
920 |a ΔΙΕΥΡΥΝΣΗ  |b ΕΠΕΑΕΚ-ΤΜΣΠΣ  |y ΣΥΡΟΣ  |z 2004-10 
970 |a ΚΟΝΤΟΥ  |b ΠΑΡΑΣΚΕΥΗ  |z 2005/02/24